LEADER 01221nam a2200301 u 4500 001 000000049289 003 CaOOAMICUS 005 20070226115108.0 008 000623s2000 it u000 u ita u 020 $a8835098602 035 $a10850901 040 $aPUL(R)$bita 245 00$aEducare all'identitą sessuata /$ca cura di Maria Luisa Di Pietro ; Aldo Basso ... [et al.]. 260 $aBrescia :$bEd. La Scuola,$cc2000. 300 $a252 p. :$b21 cm 490 1 $aEducazione e societą 504 $aBibliografia in nota. 650 4$aSessuologia.$0(OLS)http://pul/subject/1695 700 1 $aBasso, Aldo.$0(OLS)http://pul/name/35660 700 1 $aDi Pietro, Maria Luisa.$0(OLS)http://pul/name/32006 830 0$aEducazione e societą (La Scuola).$0(OLS)http://pul/title/66480 850 $aPUL 852 $aPUL$W1$xDP1 Cons. Gen., Altre Classi 1$y22$m845 H 105$j65518$nBK-PRI$b $qStampati$B65518$CPULBib$Z2$F65518 $H $81 941 1 $a8 961 $aINV: 82292 996 $6020$a8835098602$9(OLS)http://pul/number/62226 996 $6245$aEducare all'identitą sessuata$9(OLS)http://pul/title/66479 996 $6260$aBrescia :$bEd. La Scuola$9(OLS)http://pul/publisher/65388 LEADER 01527nam a2200361 a 4500 001 000000137540 003 CaOOAMICUS 005 20140226142419.0 008 140226s2013 it u000 u ita r 020 $a978-88-10-80255-7 040 $aPUL$bita 082 04$a262.9 110 2 $aPapi (2005-2013 : Benedictus XVI).$0(OLS)http://pul/name/64993 245 10$aEncicliche di Benedetto XVI :$bDeus caritas est, Spe salvi, Caritas in veritate. 246 30$aDeus caritas est 246 30$aSpe salvi 246 30$aCaritas in veritate 260 $aBologna :$bEDB,$c©2013. 300 $a193 p. ;$c17 cm 600 04$aBenedictus PP. XVI,$d1927-2022$xEncicliche.$0(OLS)http://pul/subject/38505 850 $aPUL 852 $aPUL$W1$xSL Diritto Canonico 3$y77$m262. 9 BENED16 3$j158556$qDDC 21$B158069$CPULBib$Z2$F158069 $H123529 $82 900 $aBenedictus PP.$bXVI,$d1927-2022$964993 900 $aBenedictus PP.$bXVI,$d1927-2022$964993 941 1 $a9 996 $6020$a978-88-10-80255-7$9(OLS)http://pul/number/154632 996 $6082$a262.9$9(OLS)http://pul/classification/369 996 $6246$aSpe salvi$9(OLS)http://pul/title/136954 996 $6246$aCaritas in veritate$9(OLS)http://pul/title/156428 996 $6246$aDeus caritas est$9(OLS)http://pul/title/174141 996 $6245$aEncicliche di Benedetto XVI :$bDeus caritas est, Spe salvi, Caritas in veritate$9(OLS)http://pul/title/174140 996 $6260$aBologna :$bEDB$9(OLS)http://pul/publisher/56073